Organisational Behaviour/ (Record no. 198763)
[ view plain ]
| 000 -LEADER | |
|---|---|
| fixed length control field | 00739nam a22002297a 4500 |
| 003 - CONTROL NUMBER IDENTIFIER | |
| control field | dpl |
| 005 - DATE AND TIME OF LATEST TRANSACTION | |
| control field | 20231020155749.0 |
| 008 - FIXED-LENGTH DATA ELEMENTS--GENERAL INFORMATION | |
| fixed length control field | 231016b |||||||| |||| 00| 0 eng d |
| 010 ## - LIBRARY OF CONGRESS CONTROL NUMBER | |
| LC control number | ENG-138265 |
| 020 ## - INTERNATIONAL STANDARD BOOK NUMBER | |
| International Standard Book Number | 9789395422932 |
| Terms of availability | 400.00 |
| 035 ## - SYSTEM CONTROL NUMBER | |
| System control number | EN-121797 |
| 040 ## - CATALOGING SOURCE | |
| Transcribing agency | X |
| 082 ## - DEWEY DECIMAL CLASSIFICATION NUMBER | |
| Edition number | 1 |
| Classification number | 658.1 |
| Item number | 1 |
| 100 ## - MAIN ENTRY--PERSONAL NAME | |
| Personal name | Saravanakumar .A |
| 9 (RLIN) | 57833 |
| 245 ## - TITLE STATEMENT | |
| Title | Organisational Behaviour/ |
| Statement of responsibility, etc | By A. Saravanakumar, M.M. Vishnu and RT. Lavanya |
| 260 ## - PUBLICATION, DISTRIBUTION, ETC. (IMPRINT) | |
| Place of publication, distribution, etc | Tamil Nadu |
| Name of publisher, distributor, etc | Shanlax Publications |
| Date of publication, distribution, etc | 2023 |
| 270 ## - ADDRESS | |
| Address | Vasantha Nagar, Madurai |
| City | Tamil Nadu |
| Country | India |
| Postal code | 625003 |
| 300 ## - PHYSICAL DESCRIPTION | |
| Extent | 264.P |
| Other physical details | 22cm.(pbk) |
| 700 ## - ADDED ENTRY--PERSONAL NAME | |
| Personal name | M.M. Vishnu |
| 9 (RLIN) | 57834 |
| Relator term | 2nd author |
| 700 ## - ADDED ENTRY--PERSONAL NAME | |
| Personal name | RT. Lavanya |
| 9 (RLIN) | 57838 |
| Relator term | 3rd author |
| 942 ## - ADDED ENTRY ELEMENTS (KOHA) | |
| Source of classification or shelving scheme | Dewey Decimal Classification |
| Koha item type | English Books |
| Classification part | 658.1 |
| Item part | 1 |
| Call number suffix | SAR |
| Withdrawn status | Lost status | Source of classification or shelving scheme | Damaged status | Not for loan | Collection code | Home library | Current library | Date acquired | Source of acquisition | Cost, normal purchase price | Total Checkouts | Full call number | Barcode | Date last seen | Copy number | Cost, replacement price | Price effective from | Koha item type |
|---|---|---|---|---|---|---|---|---|---|---|---|---|---|---|---|---|---|---|
| Dewey Decimal Classification | Non-fiction | Bawana | Bawana | 16/10/2023 | DBAD/PUB | 400.00 | 658.1 SAR | EN-121797 | 16/10/2023 | 1 | 400.00 | 16/10/2023 | English Books |
